Statistics for Asian City to country

Click here to take the quiz!

General Stats

  • This quiz has been taken 27 times
  • The average score is 57 of 64

Answer Stats

CountryCity% Correct
Hong KongChina
100%
BeijingChina
100%
JakartaIndonesia
100%
BaghdadIraq
100%
NagasakiJapan
100%
BeirutLebanon
100%
IslamabadPakistan
100%
DamascusSyria
100%
Ho Chi Minh CityVietnam
100%
BangaloreIndia
96%
New DelhiIndia
96%
MumbaiIndia
96%
TehranIran
96%
YokohamaJapan
96%
TokyoJapan
96%
Ulan BatorMongolia
96%
PyongyangNorth Korea
96%
DohaQatar
96%
RiyadhSaudi Arabia
96%
MeccaSaudi Arabia
96%
SeoulSouth Korea
96%
TaipeiTaiwan
96%
Phnom PenhCambodia
92%
WuhanChina
92%
HyderabadIndia
92%
Tel-AvivIsrael
92%
AmmanJordan
92%
KathmanduNepal
92%
KarachiPakistan
92%
BakuAzerbaijan
88%
MacaoChina
88%
GuangzhouChina
88%
TbilisiGeorgia
88%
JerusalemIsrael
88%
HiroshimaJapan
88%
Kuala LumpurMalaysia
88%
NaypyidawMyanmar
88%
MuscatOman
88%
MedinaSaudi Arabia
88%
ColomboSri Lanka
88%
BangkokThailand
88%
Manilathe Philippines
88%
HanoiVietnam
88%
KabulAfghanistan
85%
DhakaBangladesh
85%
ShanghaiChina
85%
LhasaChina
85%
KolkataIndia
85%
SapporoJapan
85%
CobeJapan
85%
AstanaKazakhstan
85%
VientianeLaos
85%
IncheonSouth Korea
85%
LahorePakistan
81%
BusanSouth Korea
81%
ChittagongBangladesh
77%
IsfahanIran
77%
Malethe Maldives
77%
YerevanArmenia
73%
ManamaBahrain
73%
AgraIndia
73%
YangonMyanmar
69%
Cebuthe Philippines
62%
BatmanTurkey
54%

Score Distribution

Percentile by Number Answered

Percent of People with Each Score

Your Score History

You have not taken this quiz